| 000 | 01763nam0a2200325 4500 | ||
|---|---|---|---|
| 001 | RU\NLR\bibl\806313 | ||
| 005 | 20250614131258.0 | ||
| 010 |
_a5-238-00859-7 _93000 |
||
| 021 |
_aRU _b2005-21787 _91109 |
||
| 035 | _a(NLR Aleph) 000795433 | ||
| 090 |
_a1147997 _c1147997 |
||
| 100 | _a20050602d2005 |||y0rusy50 ca | ||
| 101 | 1 |
_arus _ceng |
|
| 102 | _aRU | ||
| 105 | _aa ||||||||| | ||
| 200 | 1 |
_aПрактика эконометрики: классика и современность _eучебник для студентов высших учебных заведений по специальности 060000 экономики и управления _fЭрнст Р. Берндт, проф. Массачусет. технол. ин-та _gнауч. ред. и предисл. проф. С.А. Айвазяна _gпер. с англ. к.э.н. Е.Н. Лукаша |
|
| 210 |
_aМосква _cЮнити _d2005 |
||
| 215 |
_a847 с. _cил. _d20 |
||
| 225 | 1 | _aЗарубежный учебник | |
| 300 | _aЗагл. и авт. ориг.: The Practice of Econometrics: Classic and Contemporary/Ernst R. Berndt | ||
| 320 | _aБиблиогр.: с. 800-847 и в примеч. в конце гл. | ||
| 454 | 0 |
_12001#$aThe Practice of econometrics: Classic and Contemporary$zeng _1700#1$aBerndt$bE. R.$gErnst R.$4070 _tThe Practice of econometrics: Classic and Contemporary _aBerndt, Ernst R. |
|
| 606 | 1 |
_aЭконометрика _jУчебники для высших учебных заведений _91532349 _3RU\NLR\auth\66667382 |
|
| 686 | _aУ.в611я73 | ||
| 700 | 1 |
_aБерндт _bЭ. Р. _gЭрнст Роберт _4070 |
|
| 801 | 0 |
_aRU _bNLR _c20050602 _grcr |
|
| 801 | 1 |
_aRU _bNLR _c20050602 |
|
| 942 | _cBOOK | ||
| 980 | _aNB | ||